01174nam a2200253 a 4500001001000000005001700010008004100027041000800068044000700076084002000083100004500103245009500148260004500243300002200288440002300310500018100333500015900514500001000673650005200683650005600735650003400791650004500825740005000870BRCA_248620190320203831.0211108s1844----sp-a---###---#000-0#spa-u aspa asp a126b.M45c18441 aCervantes Saavedra, Miguel ded1547-161610aEl Ingenioso Hidalgo Don Quijote de la Manchaccompuesto por Miguel de Cervantes Saavedra. aMadridbD. Francisco de P. Melladoc1844 a2 v.bil.c17 cm. 0aBiblioteca popular aContenido : v 1. Primera parte. Dedicatoria del autor. Prólogo del autor. Versos preliminares. Texto. -- v 2. Segunda parte. Dedicatoria del autor. Prólogo del autor. Texto aEdición económica. Va adornada con láminas, copias de la edición académica de 1819. Piel; lomeras decoradas con adornos dorados Lúdovik Osterc aQM10814aNovela españolayÉpoca clásica, 1500-170014aLiteratura españolayÉpoca clásica, 1500-170014aNovela españolaySiglo XVII14aDon Quijote (Personaje ficticio)eNovela0 aEl Ingenioso Hidalgo Don Quijote de la Mancha